<?xml version="1.0" encoding="UTF-8"?>
<record
    xmlns:xsi="http://www.w3.org/2001/XMLSchema-instance"
    xsi:schemaLocation="http://www.loc.gov/MARC21/slim http://www.loc.gov/standards/marcxml/schema/MARC21slim.xsd"
    xmlns="http://www.loc.gov/MARC21/slim">

  <leader>00810nam a22001817a 4500</leader>
  <controlfield tag="001">10097</controlfield>
  <controlfield tag="003">FISKH</controlfield>
  <controlfield tag="005">20260408101807.0</controlfield>
  <controlfield tag="008">260408b        cb ||||| |||| 00| 0 eng d</controlfield>
  <datafield tag="040" ind1=" " ind2=" ">
    <subfield code="a">FISKH</subfield>
    <subfield code="b">chi</subfield>
    <subfield code="c">FISKH</subfield>
    <subfield code="d">FISKH</subfield>
  </datafield>
  <datafield tag="100" ind1=" " ind2=" ">
    <subfield code="a">&#x9AD8;&#x6674;</subfield>
  </datafield>
  <datafield tag="245" ind1=" " ind2=" ">
    <subfield code="a">&#x8DF3;&#x8DF3;&#x866B;&#x54ED;&#x4E86;/</subfield>
    <subfield code="c">By &#x9AD8;&#x6674;</subfield>
  </datafield>
  <datafield tag="300" ind1=" " ind2=" ">
    <subfield code="a">20 pages : </subfield>
    <subfield code="b">color illustrations ; </subfield>
    <subfield code="c">21 cm . </subfield>
  </datafield>
  <datafield tag="520" ind1=" " ind2=" ">
    <subfield code="a">&#x300A;&#x8DF3;&#x8DF3;&#x866B;&#x54ED;&#x4E86;&#x300B;&#x662F;&#x4E00;&#x672C;&#x513F;&#x7AE5;&#x56FE;&#x753B;&#x4E66;&#xFF0C;&#x8BB2;&#x8FF0;&#x4E86;&#x4E00;&#x53EA;&#x6D3B;&#x6CFC;&#x7684;&#x5C0F;&#x8DF3;&#x8DF3;&#x866B;&#x548C;&#x5B83;&#x7684;&#x60C5;&#x611F;&#x7ECF;&#x5386;&#x3002;&#x901A;&#x8FC7;&#x7B80;&#x5355;&#x7684;&#x8BED;&#x8A00;&#x548C;&#x6709;&#x8DA3;&#x7684;&#x63D2;&#x56FE;&#xFF0C;&#x6545;&#x4E8B;&#x63CF;&#x8FF0;&#x4E86;&#x8DF3;&#x8DF3;&#x866B;&#x7684;&#x60C5;&#x7EEA;&#x65C5;&#x7A0B;&#x2014;&#x2014;&#x5B83;&#x4E3A;&#x4EC0;&#x4E48;&#x4F1A;&#x96BE;&#x8FC7;&#xFF0C;&#x5B83;&#x5982;&#x4F55;&#x5C1D;&#x8BD5;&#x89E3;&#x51B3;&#x95EE;&#x9898;&#xFF0C;&#x4EE5;&#x53CA;&#x5728;&#x8FD9;&#x4E2A;&#x8FC7;&#x7A0B;&#x4E2D;&#x5B66;&#x5230;&#x4E86;&#x4EC0;&#x4E48;&#x3002;&#x8BE5;&#x4E66;&#x4E13;&#x4E3A;&#x5E7C;&#x513F;&#x8BBE;&#x8BA1;&#xFF0C;&#x8BA9;&#x4ED6;&#x4EEC;&#x5728;&#x9605;&#x8BFB;&#x7684;&#x540C;&#x65F6;&#x5B66;&#x4E60;&#x7406;&#x89E3;&#x548C;&#x8868;&#x8FBE;&#x60C5;&#x7EEA;&#x3002;</subfield>
  </datafield>
  <datafield tag="700" ind1=" " ind2=" ">
    <subfield code="a">&#x90DD;&#x8389;</subfield>
  </datafield>
  <datafield tag="942" ind1=" " ind2=" ">
    <subfield code="2">ddc</subfield>
    <subfield code="c">BOOK</subfield>
    <subfield code="n">0</subfield>
  </datafield>
  <datafield tag="999" ind1=" " ind2=" ">
    <subfield code="c">10097</subfield>
    <subfield code="d">10097</subfield>
  </datafield>
  <datafield tag="952" ind1=" " ind2=" ">
    <subfield code="0">0</subfield>
    <subfield code="1">0</subfield>
    <subfield code="2">ddc</subfield>
    <subfield code="4">0</subfield>
    <subfield code="7">0</subfield>
    <subfield code="8">REF</subfield>
    <subfield code="a">002</subfield>
    <subfield code="b">002</subfield>
    <subfield code="c">LSHTTP</subfield>
    <subfield code="d">2026-04-08</subfield>
    <subfield code="l">0</subfield>
    <subfield code="o">&#x9AD8;&#x6674;</subfield>
    <subfield code="p">2026-0469</subfield>
    <subfield code="r">2026-04-08 10:18:04</subfield>
    <subfield code="w">2026-04-08</subfield>
    <subfield code="y">BOOK</subfield>
  </datafield>
</record>
